[Event "37th Reykjavik op"]
[Site "Reykjavik ISL"]
[Date "2024.03.18"]
[Round "6.36"]
[White "Solsker, Tummas M."]
[Black "Goekerkan, Cem Kaan"]
[WhiteElo "1897"]
[BlackElo "2523"]
[Result "0-1"]
[EventDate "2024.03.15"]
[PlyCount "86"]

1. d4 { [%eval 0.15] [%clk 1:30:58] } 1... Nf6 { [%eval 0.16] [%clk 1:29:06] } 2. Nf3 { [%eval 0.12] [%clk 1:29:13] } 2... d5 { [%eval 0.24] [%clk 1:29:01] } 3. Bf4 { [%eval 0.11] [%clk 1:29:34] } 3... c5 { [%eval 0.0] [%clk 1:29:16] } 4. e3 { [%eval 0.0] [%clk 1:29:49] } 4... Nc6 { [%eval 0.0] [%clk 1:29:36] } 5. c3 { [%eval 0.0] [%clk 1:27:38] } 5... Qb6 { [%eval -0.1] [%clk 1:29:32] } 6. Qb3 { [%eval -0.28] [%clk 1:16:04] } 6... c4 { [%eval -0.13] [%clk 1:28:38] } 7. Qxb6 { [%eval -0.49] [%clk 1:16:05] } 7... axb6 { [%eval -0.34] [%clk 1:29:06] } 8. Be2 { [%eval -0.48] [%clk 1:15:09] } 8... h6 { [%eval -0.24] [%clk 1:14:12] } 9. O-O { [%eval -0.51] [%clk 1:08:15] } 9... b5 { [%eval -0.12] [%clk 1:13:42] } 10. Na3 { [%eval -0.11] [%clk 1:03:21] } 10... g5?! { [%eval 0.6] } { Inaccuracy. Na7 was best. } { [%clk 1:03:57] } (10... Na7 11. Nc2 Nc6 12. Na3) 11. Be5 { [%eval 0.55] [%clk 0:58:48] } 11... b4 { [%eval 0.86] [%clk 1:01:45] } 12. Nb5 { [%eval 0.48] [%clk 0:58:43] } 12... Ra5 { [%eval 0.57] [%clk 1:01:41] } 13. a4 { [%eval 0.44] [%clk 0:48:39] } 13... bxa3 { [%eval 0.6] [%clk 0:50:10] } 14. Nxa3 { [%eval 0.45] [%clk 0:47:04] } 14... Bf5 { [%eval 0.74] [%clk 0:50:32] } 15. Nxc4?! { [%eval 0.16] } { Inaccuracy. Bc7 was best. } { [%clk 0:35:20] } (15. Bc7) 15... dxc4 { [%eval 0.28] [%clk 0:49:16] } 16. Bxc4?! { [%eval -1.19] } { Inaccuracy. Rxa5 was best. } { [%clk 0:34:41] } (16. Rxa5 Nxa5 17. Ra1 b6 18. Bc7 Nd5 19. Bxb6 Nxb6 20. Rxa5 Bd3 21. Bxd3 cxd3 22. Ra6 g4) 16... Bg7 { [%eval -1.16] [%clk 0:47:59] } 17. Rxa5 { [%eval -1.14] [%clk 0:34:46] } 17... Nxa5 { [%eval -1.17] [%clk 0:48:29] } 18. Bb5+ { [%eval -1.19] [%clk 0:34:55] } 18... Bd7 { [%eval -1.38] [%clk 0:48:21] } 19. Ra1 { [%eval -1.35] [%clk 0:27:42] } 19... Bxb5 { [%eval -1.38] [%clk 0:48:48] } 20. Rxa5 { [%eval -1.51] [%clk 0:28:01] } 20... Be2 { [%eval -1.41] [%clk 0:49:17] } 21. Rc5? { [%eval -2.5] } { Mistake. Nd2 was best. } { [%clk 0:19:43] } (21. Nd2 O-O 22. f3 Rc8 23. Ra7 Ba6 24. Bxf6 Bxf6 25. Ne4 g4 26. f4 Bc4 27. Rxb7 Bd5) 21... O-O { [%eval -2.48] [%clk 0:48:57] } 22. Rc7 { [%eval -2.79] [%clk 0:19:58] } 22... Ng4 { [%eval -2.2] [%clk 0:41:40] } 23. h3 { [%eval -2.17] [%clk 0:13:51] } 23... Nxe5 { [%eval -2.11] [%clk 0:41:56] } 24. Nxe5 { [%eval -2.21] [%clk 0:14:08] } 24... Bxe5 { [%eval -2.14] [%clk 0:39:20] } 25. dxe5 { [%eval -2.21] [%clk 0:14:37] } 25... e6 { [%eval -2.09] [%clk 0:39:46] } 26. Rxb7 { [%eval -2.07] [%clk 0:14:50] } 26... Rd8 { [%eval -2.22] [%clk 0:40:15] } 27. Rb4 { [%eval -2.14] [%clk 0:13:35] } 27... Rd5 { [%eval -1.93] [%clk 0:40:21] } 28. f4?! { [%eval -2.38] } { Inaccuracy. f3 was best. } { [%clk 0:13:47] } (28. f3 Rxe5 29. Kf2 Bd3 30. h4 Rc5 31. hxg5 hxg5 32. e4 Kg7 33. Ke3 Bf1 34. Kf2 Ba6) 28... Rd2 { [%eval -2.62] [%clk 0:40:28] } 29. c4 { [%eval -2.89] [%clk 0:11:45] } 29... Rc2 { [%eval -2.71] [%clk 0:40:45] } 30. b3 { [%eval -2.83] [%clk 0:11:49] } 30... Bd3 { [%eval -2.83] [%clk 0:41:12] } 31. g4 { [%eval -2.8] [%clk 0:07:56] } 31... Re2 { [%eval -2.23] [%clk 0:38:57] } 32. c5?! { [%eval -2.92] } { Inaccuracy. Rb8+ was best. } { [%clk 0:07:33] } (32. Rb8+ Kg7 33. fxg5 hxg5 34. Rd8 Bc2 35. b4 Rxe3 36. c5 Rc3 37. Rc8 Ba4 38. Kf2 f5) 32... Rxe3 { [%eval -2.61] [%clk 0:39:17] } 33. c6?! { [%eval -3.57] } { Inaccuracy. fxg5 was best. } { [%clk 0:07:33] } (33. fxg5 hxg5 34. Rd4 (34. Rb8+ Kg7 35. b4 Re1+ 36. Kf2 Re2+ 37. Kf3 Rxe5 38. Rd8 Bb5 39. Rb8 Bc4) 34... Bb5 35. Rb4 Bc6 36. Rb6 Bd5 37. b4 Rc3 38. Kf1 Rc2 39. Ke1 Kg7) 33... Re1+ { [%eval -3.45] [%clk 0:39:35] } 34. Kf2 { [%eval -3.3] [%clk 0:07:43] } 34... Rc1?! { [%eval -2.05] } { Inaccuracy. Re2+ was best. } { [%clk 0:39:58] } (34... Re2+ 35. Kf3 Rc2 36. Ke3 Bf1 37. h4 gxh4 38. f5 h3 39. Rb8+ Kh7 40. Rb7 h2 41. Rxf7+) 35. Rd4? { [%eval -3.56] } { Mistake. fxg5 was best. } { [%clk 0:05:44] } (35. fxg5 hxg5) 35... Bb5 { [%eval -3.23] [%clk 0:40:16] } 36. h4 { [%eval -4.02] [%clk 0:03:02] } 36... gxf4 { [%eval -4.11] [%clk 0:40:28] } 37. Rxf4 { [%eval -4.09] [%clk 0:03:21] } 37... Rxc6 { [%eval -4.07] [%clk 0:40:28] } 38. b4 { [%eval -4.06] [%clk 0:02:27] } 38... Rc3 { [%eval -3.91] [%clk 0:39:35] } 39. Rd4 { [%eval -4.21] [%clk 0:02:33] } 39... Kg7 { [%eval -4.17] [%clk 0:39:41] } 40. Rf4 { [%eval -4.16] [%clk 0:02:06] } 40... Rd3 { [%eval -4.1] [%clk 0:38:55] } 41. Re4 { [%eval -4.13] [%clk 0:01:58] } 41... Bc6 { [%eval -4.44] [%clk 0:37:20] } 42. Rf4 { [%eval -4.39] [%clk 0:00:54] } 42... Bb7 { [%eval -4.28] [%clk 0:37:34] } 43. Rc4 { [%eval -4.29] [%clk 0:26:32] } 43... Rd5 { [%eval -4.15] [%clk 1:07:11] } 0-1

[Event "37th Reykjavik op"]
[Site "Reykjavik ISL"]
[Date "2024.03.18"]
[Round "6.37"]
[White "Brand, Niels"]
[Black "Mammadzada, Gunay"]
[WhiteElo "1891"]
[BlackElo "2449"]
[Result "0-1"]
[EventDate "2024.03.15"]
[PlyCount "80"]

1. d4 { [%eval 0.15] [%clk 1:30:57] } 1... d5 { [%eval 0.25] [%clk 1:29:39] } 2. Nf3 { [%eval 0.1] [%clk 1:31:04] } 2... Nf6 { [%eval 0.24] [%clk 1:29:40] } 3. Bg5 { [%eval -0.07] [%clk 1:31:05] } 3... Ne4 { [%eval -0.07] [%clk 1:29:43] } 4. Bf4 { [%eval -0.23] [%clk 1:30:55] } 4... c5 { [%eval -0.07] [%clk 1:27:55] } 5. Nbd2 { [%eval -0.52] [%clk 1:27:33] } 5... e6?! { [%eval 0.23] } { Inaccuracy. cxd4 was best. } { [%clk 1:25:30] } (5... cxd4 6. Nxd4 Nd7 7. Nxe4 dxe4 8. Bg5 Qc7 9. Qd2 a6 10. O-O-O) 6. e3 { [%eval 0.16] [%clk 1:24:55] } 6... Nc6 { [%eval 0.34] [%clk 1:25:24] } 7. Bd3 { [%eval 0.0] } 7... Nxd2 { [%eval 0.0] [%clk 1:16:02] } 8. Qxd2 { [%eval 0.3] [%clk 1:22:52] } 8... Be7 { [%eval 0.73] [%clk 1:11:04] } 9. c3 { [%eval 0.79] [%clk 1:19:40] } 9... O-O { [%eval 0.91] [%clk 1:05:08] } 10. h4 { [%eval 0.8] [%clk 1:10:19] } 10... f5 { [%eval 0.83] [%clk 0:59:13] } 11. Qe2 { [%eval 0.62] [%clk 0:58:51] } 11... Bd6 { [%eval 1.07] [%clk 0:58:38] } 12. Bxd6?! { [%eval 0.35] } { Inaccuracy. dxc5 was best. } { [%clk 0:50:04] } (12. dxc5) 12... Qxd6 { [%eval 0.28] [%clk 0:59:03] } 13. h5 { [%eval 0.33] [%clk 0:47:49] } 13... h6 { [%eval 0.54] [%clk 0:56:45] } 14. Nh4 { [%eval 0.52] [%clk 0:47:29] } 14... e5 { [%eval 0.51] [%clk 0:56:16] } 15. Ng6 { [%eval 0.56] [%clk 0:47:26] } 15... e4 { [%eval 0.69] [%clk 0:50:30] } 16. Bb5 { [%eval 0.71] [%clk 0:44:38] } 16... Rf6 { [%eval 0.66] [%clk 0:49:50] } 17. dxc5 { [%eval 0.75] [%clk 0:43:05] } 17... Qxc5 { [%eval 0.7] [%clk 0:50:06] } 18. O-O-O { [%eval 0.33] [%clk 0:43:17] } 18... Be6 { [%eval 0.43] [%clk 0:36:38] } 19. Kb1?! { [%eval -0.19] } { Inaccuracy. Nf4 was best. } { [%clk 0:35:34] } (19. Nf4) 19... Bf7 { [%eval -0.23] [%clk 0:30:05] } 20. Nf4 { [%eval -0.21] [%clk 0:35:42] } 20... Ne5 { [%eval -0.12] [%clk 0:30:16] } 21. Rd2? { [%eval -1.33] } { Mistake. Ba4 was best. } { [%clk 0:34:17] } (21. Ba4 Rb6 22. Bb3 Rd6 23. Qd2 Nc6 24. Qe2 b5 25. g4 a5 26. gxf5 Ne5 27. a3 Nf3) 21... Rb6 { [%eval -1.23] [%clk 0:27:24] } 22. Ba4 { [%eval -1.26] [%clk 0:30:23] } 22... Nc4 { [%eval -1.24] [%clk 0:18:02] } 23. Bb3 { [%eval -1.59] [%clk 0:30:43] } 23... Nxd2+ { [%eval -1.5] [%clk 0:17:34] } 24. Qxd2 { [%eval -1.6] [%clk 0:31:10] } 24... Rd8 { [%eval -1.14] [%clk 0:15:54] } 25. Rd1 { [%eval -1.14] [%clk 0:28:34] } 25... Rbd6 { [%eval -1.06] [%clk 0:16:05] } 26. Qe2 { [%eval -1.16] [%clk 0:28:42] } 26... Qc8 { [%eval -1.05] [%clk 0:15:28] } 27. Qb5 { [%eval -1.15] [%clk 0:28:31] } 27... a6 { [%eval -1.01] [%clk 0:15:29] } 28. Qb4 { [%eval -1.41] [%clk 0:28:17] } 28... b6 { [%eval -1.53] [%clk 0:14:31] } 29. Qd4 { [%eval -1.58] [%clk 0:28:30] } 29... Qd7 { [%eval -1.62] [%clk 0:12:38] } 30. Rh1 { [%eval -1.53] [%clk 0:27:27] } 30... Qe7 { [%eval -1.47] [%clk 0:12:31] } 31. Rh3 { [%eval -1.62] [%clk 0:27:08] } 31... Qf6 { [%eval -1.49] [%clk 0:12:41] } 32. Qd1 { [%eval -1.91] [%clk 0:27:01] } 32... b5 { [%eval -1.98] [%clk 0:12:33] } 33. Qe2?! { [%eval -3.34] } { Inaccuracy. Ne2 was best. } { [%clk 0:27:00] } (33. Ne2 a5 34. Qd4 b4 35. cxb4 axb4 36. Qxb4 f4 37. Nxf4 d4 38. Bxf7+ Qxf7 39. Rh1 Qf5) 33... b4 { [%eval -3.16] [%clk 0:12:11] } 34. cxb4?! { [%eval -4.0] } { Inaccuracy. Qd2 was best. } { [%clk 0:21:56] } (34. Qd2 bxc3 35. bxc3 a5 36. Qd4 Qxd4 37. exd4 Ra6 38. Kc1 a4 39. Bc2 Rb8 40. a3 Rab6) 34... d4 { [%eval -4.11] [%clk 0:12:35] } 35. exd4 { [%eval -4.28] [%clk 0:22:01] } 35... Rxd4 { [%eval -3.99] [%clk 0:11:34] } 36. Bxf7+ { [%eval -4.29] [%clk 0:19:45] } 36... Qxf7 { [%eval -4.25] [%clk 0:12:00] } 37. Rc3 { [%eval -4.91] [%clk 0:19:09] } 37... Rd2 { [%eval -4.29] [%clk 0:06:50] } 38. Qe3 { [%eval -4.41] [%clk 0:19:11] } 38... Rd1+ { [%eval -4.28] [%clk 0:07:02] } 39. Rc1 { [%eval -4.31] [%clk 0:19:00] } 39... Qc4 { [%eval -4.35] [%clk 0:05:58] } 40. Qc3 { [%eval -5.3] [%clk 0:18:52] } 40... Qf1 { [%eval -5.1] [%clk 0:05:41] } 0-1

[Event "37th Reykjavik op"]
[Site "Reykjavik ISL"]
[Date "2024.03.18"]
[Round "6.38"]
[White "Garifullina, Leya"]
[Black "Botez, Alexandra"]
[WhiteElo "2413"]
[BlackElo "1986"]
[Result "1-0"]
[EventDate "2024.03.15"]
[PlyCount "71"]

1. e4 { [%eval 0.13] [%clk 1:25:25] } 1... e6 { [%eval 0.0] [%clk 1:15:32] } 2. d4 { [%eval 0.41] [%clk 1:25:47] } 2... d5 { [%eval 0.21] [%clk 1:15:57] } 3. Nc3 { [%eval 0.0] [%clk 1:26:13] } 3... Nf6 { [%eval 0.0] [%clk 1:16:19] } 4. Bg5 { [%eval 0.08] [%clk 1:26:36] } 4... Bb4 { [%eval 0.34] [%clk 1:16:43] } 5. e5 { [%eval 0.31] [%clk 1:27:01] } 5... h6 { [%eval 0.0] [%clk 1:17:07] } 6. Bc1 { [%eval 0.22] [%clk 1:27:28] } 6... Ne4 { [%eval 0.23] [%clk 1:15:25] } 7. Qg4 { [%eval 0.12] [%clk 1:27:43] } 7... Kf8 { [%eval 0.32] [%clk 1:14:53] } 8. Ne2 { [%eval 0.4] [%clk 1:28:06] } 8... c5 { [%eval 0.33] [%clk 1:12:36] } 9. a3 { [%eval 0.28] [%clk 1:27:41] } 9... Ba5 { [%eval 0.62] [%clk 1:12:14] } 10. dxc5 { [%eval 0.51] [%clk 1:26:47] } 10... Nxc3 { [%eval 0.69] [%clk 1:12:12] } 11. Nxc3 { [%eval 0.66] [%clk 1:25:50] } 11... Bxc3+ { [%eval 0.69] [%clk 1:12:34] } 12. bxc3 { [%eval 0.71] [%clk 1:26:16] } 12... Nd7 { [%eval 0.96] [%clk 1:12:39] } 13. f4?! { [%eval 0.07] } { Inaccuracy. Qd4 was best. } { [%clk 1:17:39] } (13. Qd4) 13... Qa5 { [%eval 0.36] [%clk 1:11:01] } 14. Bd2 { [%eval 0.41] [%clk 1:15:12] } 14... Qa4?! { [%eval 1.21] } { Inaccuracy. Nxc5 was best. } { [%clk 1:08:11] } (14... Nxc5) 15. c4 { [%eval 1.35] [%clk 1:08:06] } 15... Qxc2 { [%eval 1.39] [%clk 1:07:16] } 16. cxd5 { [%eval 1.45] [%clk 1:03:57] } 16... Qe4+?! { [%eval 2.4] } { Inaccuracy. Nxc5 was best. } { [%clk 1:07:22] } (16... Nxc5 17. Qe2 b6 18. d6 Ba6 19. Qf3 Bb7 20. Qe3 Rc8 21. Rc1 Qb2 22. h4 f5 23. exf6) 17. Qe2 { [%eval 2.38] [%clk 1:01:46] } 17... Qxd5 { [%eval 2.45] [%clk 1:05:36] } 18. Be3 { [%eval 2.51] [%clk 1:01:23] } 18... Qc6 { [%eval 2.43] [%clk 0:31:14] } 19. Qf2? { [%eval 0.87] } { Mistake. Rd1 was best. } { [%clk 0:56:53] } (19. Rd1 g6 20. Rd6 Qc7 21. Qb5 Nb8 22. h4 h5 23. Be2 Bd7 24. Qd3 Qa5+ 25. Kf2 Bc6) 19... b6 { [%eval 1.12] [%clk 0:25:45] } 20. Be2 { [%eval 0.78] [%clk 0:53:28] } 20... Nxc5 { [%eval 0.92] [%clk 0:22:14] } 21. Rc1 { [%eval 0.63] [%clk 0:53:26] } 21... Bb7 { [%eval 0.47] [%clk 0:21:46] } 22. O-O { [%eval 0.66] [%clk 0:52:57] } 22... Rc8 { [%eval 1.11] [%clk 0:13:25] } 23. f5 { [%eval 1.25] [%clk 0:50:10] } 23... exf5 { [%eval 1.39] [%clk 0:13:11] } 24. Bf3 { [%eval 1.08] [%clk 0:50:34] } 24... Qc7 { [%eval 1.04] [%clk 0:13:29] } 25. Bxb7 { [%eval 1.13] [%clk 0:50:59] } 25... Qxb7 { [%eval 1.2] [%clk 0:13:41] } 26. Qxf5 { [%eval 1.29] [%clk 0:51:23] } 26... Re8? { [%eval 2.56] } { Mistake. Kg8 was best. } { [%clk 0:07:58] } (26... Kg8 27. Bxc5 bxc5 28. Rcd1 c4 29. Rd6 Re8 30. Rd7 Qb6+ 31. Rf2 Qg6 32. Qxg6 fxg6 33. Rff7) 27. Bxc5+ { [%eval 2.45] [%clk 0:50:50] } 27... bxc5 { [%eval 2.33] [%clk 0:08:25] } 28. Rcd1 { [%eval 2.32] [%clk 0:50:34] } 28... g6?? { [%eval 4.84] } { Blunder. Qb3 was best. } { [%clk 0:07:14] } (28... Qb3 29. Rd7) 29. Qxg6?! { [%eval 3.55] } { Inaccuracy. Qf6 was best. } { [%clk 0:49:33] } (29. Qf6 Rh7 30. e6 Qe7 31. exf7 Qxf6 32. fxe8=Q+ Kxe8 33. Rxf6 Re7 34. Rxg6 c4 35. Rc6 Re4) 29... Rg8 { [%eval 3.53] [%clk 0:02:39] } 30. Qxh6+ { [%eval 3.49] [%clk 0:49:48] } 30... Rg7 { [%eval 3.3] [%clk 0:02:57] } 31. Qh8+ { [%eval 2.95] [%clk 0:50:13] } 31... Rg8 { [%eval 3.25] [%clk 0:03:20] } 32. Qh3 { [%eval 3.09] [%clk 0:50:38] } 32... c4?! { [%eval 4.39] } { Inaccuracy. Re6 was best. } { [%clk 0:02:27] } (32... Re6 33. Rd6 Rxd6 34. exd6 Qd5 35. Qc8+ Kg7 36. Qg4+ Kf8 37. Rd1 Rxg4 38. Rxd5 Ke8 39. Rxc5) 33. Rd6 { [%eval 4.26] [%clk 0:47:26] } 33... Rxe5?! { [%eval 6.7] } { Inaccuracy. Qxg2+ was best. } { [%clk 0:02:05] } (33... Qxg2+ 34. Qxg2 Rxg2+ 35. Kxg2 Rxe5 36. Rc6 Ra5 37. Rf3 Ra4 38. Rc7 Kg7 39. Rfxf7+ Kh6 40. Rf3) 34. Rd8+ { [%eval 6.26] [%clk 0:47:49] } 34... Re8?? { [%eval #12] } { Checkmate is now unavoidable. Ke7 was best. } { [%clk 0:02:22] } (34... Ke7 35. Rxg8 Qb6+ 36. Kh1 Qe6 37. Qh4+ Kd6 38. Qd8+ Kc5 39. Qa5+ Kc6 40. Qa6+ Kc7 41. Qxa7+) 35. Qh6+ { [%eval #11] [%clk 0:48:07] } 35... Rg7 { [%eval #11] [%clk 0:01:59] } 36. Qh8+ { [%eval #10] [%clk 0:48:30] } 1-0